| 000 | 00783nam a22002297a 4500 | ||
|---|---|---|---|
| 005 | 20170124110101.0 | ||
| 010 | _a691166 | ||
| 020 | _c045.00 | ||
| 035 | _a691166 | ||
| 037 | _bCen Lib/Ret | ||
| 040 |
_aDPL _bEN |
||
| 082 |
_a954.0841 _bCHA |
||
| 100 |
_aChaudhary, Sukhbir _927127 |
||
| 245 |
_aIndian people fight for national liberation : _cby Sukhbir Chaudhary _bnon-coperation, khilafat and revivalist movements 1920-22 / |
||
| 260 |
_bSrijanee Prakashan _aNew Delhi _c1972 |
||
| 270 |
_bNew Delhi _aFlat-33, Sanskar Market _e110001 |
||
| 300 |
_axv, 456p. _c21cm(Hb) |
||
| 500 | _aIncludes bibliographical references and index | ||
| 650 |
_aHistory _zIndia _9436 |
||
| 650 |
_aPolitical movements _979709 |
||
| 942 |
_2ddc _cEN _h954.0841 _mCHA |
||
| 999 |
_c129686 _d129686 |
||